000 00350nam a22001457a 4500
008 230706b ||||| |||| 00| 0 eng d
020 _a9780134683416
041 _aeng
080 _2SEVENTH EDITION
_a311
082 _a311LAR
100 _a23
101 _aSTAT
245 _aELEMENTARY STATISTICS PICTURING THE WORLD
_cLARSON.R
942 _2udc
_cBK
999 _c60110
_d60110